All 20k+ Cities in the German Empire with a Map - Statistics

General Stats
  • This quiz has been taken 887 times
  • The average score is 78 of 269
Answers on the Map
Answers color-coded by a green-red scale on the quiz's map according to % correct below.
 
Answer Stats
Pop. Cities % Correct
2,071,257 Berlin
97%
931,035 Hamburg
94%
596,467 Munich
93%
516,527 Cologne
91%
414,576 Frankfurt am Main
90%
548,308 Dresden
89%
68,277 Frankfurt an der Oder
89%
170,337 Danzig (Gdańsk)
87%
589,850 Leipzig
86%
247,437 Bremen
85%
333,142 Nuremberg
85%
286,218 Stuttgart
84%
358,728 Düsseldorf
83%
302,375 Hanover
81%
245,994 Königsberg (Kaliningrad)
81%
214,226 Dortmund
80%
211,627 Kiel
80%
156,143 Aachen
76%
512,105 Breslau (Wrocław)
76%
294,653 Essen
76%
178,891 Straßburg (Strasbourg)
76%
87,978 Bonn
73%
62,213 Potsdam
72%
98,656 Lübeck
70%
102,487 Augsburg
69%
156,691 Posen (Poznań)
69%
236,113 Stettin (Szczecin)
68%
193,902 Mannheim
67%
65,383 Rostock
67%
279,629 Magdeburg
66%
105,089 Saarbrücken
66%
110,634 Mainz
65%
56,109 Ulm
64%
83,324 Freiburg im Breisgau
63%
78,380 Bielefeld
62%
36,237 Freiberg
61%
90,254 Münster
60%
287,807 Chemnitz
59%
30,212 Oldenburg
59%
229,483 Duisburg
58%
134,313 Karlsruhe
57%
52,624 Regensburg
57%
143,552 Braunschweig
56%
111,463 Erfurt
56%
43,173 Kattowitz (Katowice)
56%
49,112 Trier
56%
24,165 Bremerhaven
55%
68,598 Metz
55%
170,195 Elberfeld
54%
56,016 Heidelberg
54%
169,214 Barmen
53%
153,196 Cassel (Kassel)
53%
136,931 Bochum
51%
180,843 Halle an der Saale
51%
38,487 Jena
51%
53,595 Brandenburg an der Havel
50%
60,922 Flensburg
50%
42,519 Schwerin
50%
109,002 Wiesbaden
50%
27,591 Konstanz
49%
21,470 Memel (Klaipėda)
49%
23,745 Ingolstadt
48%
84,496 Würzburg
48%
95,041 Mülhausen (Mulhouse)
47%
87,089 Darmstadt
46%
66,414 München Gladbach (Mönchengladbach)
46%
65,957 Osnabrück
46%
169,513 Gelsenkirchen
45%
56,487 Coblenz (Koblenz)
44%
20,983 Passau
44%
34,582 Weimar
44%
54,659 Kaiserslautern
43%
48,643 Cottbus
42%
22,066 Baden-Baden
41%
73,542 Zwickau
39%
43,808 Colmar
38%
49,276 Gera
38%
83,301 Ludwigshafen am Rhein
38%
46,819 Worms
38%
66,553 Fürth
37%
85,806 Görlitz
37%
33,907 Oppeln (Opole)
37%
29,441 Paderborn
37%
33,988 Stralsund
37%
48,063 Bamberg
36%
37,594 Göttingen
36%
35,044 Wilhelmshaven
36%
75,583 Offenbach am Main
35%
34,547 Bayreuth
34%
129,406 Crefeld (Krefeld)
34%
305,978 Charlottenburg
33%
24,038 Emden
32%
27,790 Lüneburg
32%
89,900 Oberhausen
32%
29,763 Tübingen
32%
24,074 Burg bei Magdeburg
31%
88,605 Hagen
31%
42,688 Heilbronn
31%
57,696 Bromberg (Bydgoszcz)
30%
24,877 Erlangen
30%
43,663 Hamm
30%
50,239 Hildesheim
30%
37,450 Witten
30%
23,789 Coburg
29%
58,636 Elbing (Elbląg)
29%
66,981 Gleiwitz (Gliwice)
29%
24,679 Greifswald
29%
69,082 Pforzheim
29%
50,536 Solingen
29%
46,227 Thorn (Toruń)
29%
24,378 Wismar
29%
33,077 Allenstein (Olsztyn)
28%
172,628 Altona
28%
56,605 Dessau
28%
22,487 Fulda
28%
41,126 Hof
28%
112,580 Mülheim an der Ruhr
28%
39,553 Gotha
27%
25,137 Landshut
27%
53,425 Mülheim am Rhein
27%
24,926 Ludwigsburg
26%
121,272 Plauen
26%
27,416 Siegen
26%
23,045 Speyer
26%
29,892 Aschaffenburg
25%
47,162 Bottrop
25%
37,472 Hanau
25%
57,147 Herne
25%
66,620 Liegnitz (Legnica)
24%
37,224 Neuss
24%
53,701 Recklinghausen
24%
32,216 Esslingen am Neckar
23%
31,153 Gießen
23%
21,001 Kempten
23%
21,860 Marburg
23%
84,855 Spandau
23%
32,754 Bautzen
22%
32,511 Düren
22%
24,786 Kolberg (Kołobrzeg)
22%
23,236 Köslin (Koszalin)
22%
34,555 Neumünster
22%
22,194 Schweinfurt
22%
38,362 Eisenach
21%
22,419 Wittenberg
21%
23,168 Grünberg in Schlesien (Zielona Góra)
20%
23,254 Moers
20%
237,289 Rixdorf (Berlin-Neukölln)
20%
67,718 Beuthen in Oberschlesien (Bytom)
19%
23,263 Celle
19%
39,339 Landsberg an der Warthe (Gorzów Wielkopolski)
19%
33,884 Meissen
19%
26,454 Minden
19%
35,091 Mühlhausen
19%
72,159 Remscheid
19%
33,762 Stolp (Słupsk)
19%
39,013 Tilsit (Sovetsk)
19%
39,976 Altenburg
17%
63,373 Zabrze
17%
72,641 Königshütte (Chorzów)
16%
22,061 Hameln
15%
67,025 Harburg
15%
20,564 Hirschberg (Jelenia Góra)
15%
24,803 Homberg
15%
31,274 Iserlohn
15%
37,084 Zittau
15%
22,516 Delmenhorst
14%
24,524 Glogau (Głogów)
14%
46,481 Halberstadt
14%
32,564 Nordhausen
14%
27,551 Stargard in Pommern (Stargard)
14%
27,263 Stendal
14%
22,021 Straubing
14%
22,687 Bismarckhütte (Chorzów Batory)
13%
61,510 Buer
13%
30,879 Cöpenick
13%
45,165 Pankow
13%
21,386 Prenzlau
13%
172,823 Schöneberg
13%
21,312 Gmünd (Schwäbisch Gmünd)
12%
25,339 Gnesen (Gniezno)
12%
40,325 Graudenz (Grudziądz)
12%
34,539 Neunkirchen
12%
38,463 Pirmasens
12%
38,424 Ratibor (Racibórz)
12%
26,126 Schneidemühl (Piła)
12%
24,441 Wesel
12%
26,404 Bocholt
11%
32,527 Herford
11%
25,604 Hohensalza (Inowrocław)
11%
81,199 Lichtenberg
11%
21,226 Merseburg
11%
25,938 Neisse (Nysa)
11%
27,233 Quedlinburg
11%
25,242 Amberg
10%
29,035 Brieg (Brzeg)
10%
30,172 Viersen
10%
39,171 Gladbeck
9%
22,373 Göppingen
9%
38,593 Guben
9%
31,624 Insterburg (Chernyakhovsk)
9%
23,167 Kreuznach (Bad Kreuznach)
9%
26,962 Naumburg
9%
31,329 Schweidnitz (Świdnica)
9%
20,733 Tempelhof
9%
25,274 Wald
9%
109,716 Wilmersdorf
9%
26,075 Eberswalde
8%
23,245 Greiz
8%
32,301 Lüdenscheid
8%
23,416 Cöthen (Köthen)
7%
33,875 Forst
7%
73,379 Linden
7%
34,299 Reinickendorf
7%
62,954 Steglitz
7%
24,469 Treptow
7%
20,600 Wittenberge
7%
33,093 Zeitz
7%
33,724 Bernburg
6%
22,626 Fürstenwalde
6%
43,999 Rheydt
6%
23,134 Velbert
6%
27,636 Wattenscheid
6%
24,629 Eisleben
5%
24,718 Eschweiler
5%
101,703 Hamborn
5%
38,884 Wanne
5%
33,581 Weißenfels
5%
28,225 Wilhelmsburg
5%
22,610 Apolda
4%
28,964 Aschersleben
4%
33,496 Eickel
4%
25,155 Glauchau
4%
23,476 Luckenwalde
4%
24,891 Rathenow
4%
35,212 Wandsbek
4%
21,199 Biebrich
3%
42,513 Lichterfelde
3%
40,644 Altenessen
2%
20,444 Benrath
2%
71,106 Borbeck
2%
28,818 Crimmitschau
2%
23,476 Haspe
2%
32,791 Hörde
2%
20,978 Horst
2%
26,390 Langendreer
2%
25,470 Meerane
2%
20,060 Odenkirchen
2%
29,685 Reichenbach im Vogtland
2%
25,757 Rotthausen
2%
20,438 Schwelm
2%
34,518 Sterkrade
2%
22,431 Sulzbach
2%
43,037 Weißensee
2%
21,840 Weitmar
2%
20,830 Werdau
2%
27,065 Zaborze
2%
24,814 Bant
1%
21,932 Dudweiler
1%
34,862 Friedenau
1%
25,102 Geestemünde
1%
37,457 Lehe
1%
26,527 Osterfeld
1%
20,021 Roßberg (Rozbark)
1%
51,942 Rummelsburg
1%
22,922 Bogutschütz (Bogucice)
0%
23,604 Merheim
0%
23,758 Nowawes
0%
21,369 Oberschöneweide
0%
27,839 Ohligs
0%
No matching quizzes found
Score Distribution
Percent of People with Each Score
Percentile by Number Answered
Your Score History
You have not taken this quiz